000 00589nam a2200193 i 4500
001 25313
003 ES-MaACL
005 20250822030725.0
007 t|
008 021223s1961 sp |||| | spa d
100 1 _aArango, Celso R.
_922301
245 1 0 _aIncitaciones a través de la psicobiología /
_cCelso R. Arango ; presentación, Rv. David Rubio.
260 _a[León :
_bs.n.,
_c1961] (
_fImp. Casado)
300 _a100 p. ;
_c25 cm.
650 0 7 _aPsicología aplicada
_2embne
_916552
700 1 _aRubio, David.
_9100341
852 _aES-MaACL
_jB-2174
999 _c25313
_d25313